[Event "GCT Rapid Paris 2017"]
[Site "Paris FRA"]
[Date "2017.06.21"]
[Round "1.1"]
[White "Caruana, Fabiano"]
[Black "So, Wesley"]
[Result "0-1"]
[WhiteTitle "GM"]
[BlackTitle "GM"]
[WhiteElo "2808"]
[BlackElo "2812"]
[WhiteFideId "2020009"]
[BlackFideId "5202213"]
[EventDate "2017.06.21"]

1. Nf3 d5 2. g3 g6 3. Bg2 Bg7 4. d4 Nf6 5. c4 c6 6. cxd5 cxd5 7. Nc3 Ne4 8. Qb3
Nxc3 9. bxc3 O-O 10. Nd2 e6 11. e4 Nc6 12. e5 b6 13. O-O Ba6 14. Re1 Rc8 15. Qd1
Re8 16. a4 Na5 17. Re3 Qd7 18. h4 Nc4 19. Nxc4 Bxc4 20. h5 a5 21. Ba3 b5 22. Bd6
bxa4 23. Bf1 Bxf1 24. Kxf1 Rc4 25. Kg2 Bh6 26. Rf3 Rec8 27. Qd3 Bg5 28. Rh1 Kg7
29. g4 Qb7 30. hxg6 fxg6 31. Rf6 Bxf6 32. exf6+ Kg8 33. Be7 R4c7 34. Bd6 Rxc3
35. Qe2 Qf7 36. g5 h5 37. Qb5 e5 38. Bxe5 Qe6 39. Rh4 Qf5 40. Qxd5+ Kh8 41. f7+
Kh7 42. Qb7 Qxg5+ 43. Bg3 Rxg3+ 44. fxg3 Rc2+ 45. Kf3 Qf5+ 46. Ke3 Rc3+ 47. Ke2
Qd3+ 48. Ke1 Rc1+ 49. Kf2 Rc2+ 0-1

[Event "GCT Rapid Paris 2017"]
[Site "Paris FRA"]
[Date "2017.06.21"]
[Round "1.4"]
[White "Karjakin, Sergey"]
[Black "Topalov, Veselin"]
[Result "1/2-1/2"]
[WhiteTitle "GM"]
[BlackTitle "GM"]
[WhiteElo "2781"]
[BlackElo "2749"]
[WhiteFideId "14109603"]
[BlackFideId "2900084"]
[EventDate "2017.06.21"]

1. e4 e5 2. Nf3 Nc6 3. Bc4 Bc5 4. O-O Nf6 5. d3 d6 6. c3 O-O 7. h3 a5 8. Bg5 Ba7
9. Nbd2 Ne7 10. Bxf6 gxf6 11. Nh4 c6 12. Qh5 d5 13. Bb3 Ng6 14. Nf5 Kh8 15. g3
Be6 16. Bd1 Ne7 17. Bg4 Bxf5 18. Bxf5 Nxf5 19. Qxf5 Qe7 20. Nf3 Rg8 21. Kg2 Rad8
22. Rad1 Qe6 23. Nh4 Qxf5 24. Nxf5 Rd7 25. exd5 cxd5 26. d4 h5 27. Rfe1 Bb8 28.
dxe5 fxe5 29. Rd2 Rgd8 30. Red1 Kh7 31. Kf3 Bc7 32. Ne3 d4 33. cxd4 exd4 34. Nc2
Be5 35. Ne1 Rc7 36. Nd3 Bf6 37. Re2 a4 38. a3 Rd5 39. Rdd2 Rc6 40. Rc2 Rb6 41.
Rc5 Rxc5 42. Nxc5 Rc6 43. Nd3 Kg7 44. Kg2 Kf8 45. f4 Bg7 46. g4 hxg4 47. hxg4
Rg6 48. Kg3 Rc6 49. g5 f6 50. Kg4 fxg5 51. fxg5 Rb6 52. Kf5 Kf7 53. Rc2 Rb5+ 54.
Kg4 Rb3 55. Rf2+ Kg8 56. Rf3 Kh7 57. Rh3+ Kg8 58. Rf3 Kh7 59. Rg3 Kg8 60. Kf5
Rb5+ 61. Ke6 Kh7 62. Rg2 Kg8 63. Nf4 Re5+ 64. Kd6 Re3 65. Nd5 Rf3 66. Kc5 Kf7
67. g6+ Ke6 68. Nb4 d3 69. Kc4 Kf5 70. Rd2 Kxg6 71. Nxd3 Rf5 72. Nc5 b6 73. Nd7
b5+ 74. Kb4 Kf7 75. Nc5 Bf8 76. Rc2 Kf6 77. Kxb5 Bxc5 78. Rxc5 Rf2 79. Kxa4 Rxb2
80. Ka5 Ke6 81. a4 Kd6 82. Rb5 Ra2 83. Rb4 Kc6 84. Ka6 Ra1 85. a5 Kc7 86. Rb5
Rc1 87. Ka7 Rc2 88. a6 Rc1 89. Ka8 Kc8 90. a7 Kc7 91. Rc5+ Rxc5 1/2-1/2

[Event "GCT Rapid Paris 2017"]
[Site "Paris FRA"]
[Date "2017.06.21"]
[Round "2.2"]
[White "So, Wesley"]
[Black "Bacrot, Etienne"]
[Result "1-0"]
[WhiteTitle "GM"]
[BlackTitle "GM"]
[WhiteElo "2812"]
[BlackElo "2708"]
[WhiteFideId "5202213"]
[BlackFideId "605506"]
[EventDate "2017.06.21"]

1. c4 e5 2. Nc3 Bb4 3. Nd5 Bc5 4. e3 c6 5. d4 cxd5 6. dxc5 Qa5+ 7. Bd2 Qxc5 8.
Qg4 g6 9. b4 Qd6 10. cxd5 Nf6 11. Qc4 Na6 12. Rc1 b6 13. Nf3 Bb7 14. e4 O-O 15.
a3 Rfc8 16. Qd3 Rxc1+ 17. Bxc1 Rc8 18. Bd2 Nc7 19. Qb1 Ncxd5 20. exd5 Qxd5 21.
Be2 e4 22. Nh4 g5 23. Qb2 Ne8 24. Nf3 exf3 25. gxf3 Ng7 26. Rg1 h6 27. f4 Qe4
28. fxg5 h5 29. Qb3 Ne6 30. Be3 Nd4 31. Bxd4 Rc1+ 32. Kd2 Rxg1 33. Qc3 Rxg5 34.
Be3 Rd5+ 35. Kc1 Rd6 36. b5 Rd5 37. Qc7 Re5 38. Bd3 Qxd3 39. Qb8+ Re8 40. Qxe8+
Kg7 41. Qe5+ Kh7 42. Qxh5+ Kg8 43. Qg5+ Kh7 44. Qh4+ Kg8 45. Qg3+ Kh7 46. Qh4+
Kg8 47. Bd4 Qxa3+ 48. Bb2 Qc5+ 49. Kb1 Qf5+ 50. Ka1 f6 51. Bxf6 Kf7 52. Bb2 Be4
53. Qh8 Bd3 54. Qg7+ Ke6 55. Qg8+ Qf7 56. Qb8 Qxf2 57. Qe5+ Kf7 58. Qd5+ Ke8 59.
Qxd3 Qxh2 60. Qe4+ Kd8 61. Bf6+ Kc8 62. Qa8+ Kc7 63. Qxa7+ Kd6 64. Qb8+ 1-0

[Event "GCT Rapid Paris 2017"]
[Site "Paris FRA"]
[Date "2017.06.21"]
[Round "3.4"]
[White "Bacrot, Etienne"]
[Black "Topalov, Veselin"]
[Result "1/2-1/2"]
[WhiteTitle "GM"]
[BlackTitle "GM"]
[WhiteElo "2708"]
[BlackElo "2749"]
[WhiteFideId "605506"]
[BlackFideId "2900084"]
[EventDate "2017.06.21"]

1. e4 c6 2. Nf3 d5 3. Nc3 dxe4 4. Nxe4 Nf6 5. Qe2 Nxe4 6. Qxe4 Qd5 7. Qh4 Qe6+
8. Be2 Qg4 9. Qg3 Qxg3 10. hxg3 g6 11. d4 Bg7 12. Bh6 Bf6 13. Ne5 Be6 14. O-O-O
Nd7 15. f4 Rg8 16. g4 Rd8 17. c4 Bxe5 18. fxe5 Nb6 19. b3 g5 20. Kc2 f6 21. exf6
exf6 22. Kc3 Kf7 23. Rdf1 Rg6 24. Bd3 Bxg4 25. Bxg6+ Kxg6 26. Re1 Nc8 27. c5 Rg8
28. a4 a5 29. b4 axb4+ 30. Kxb4 Rd8 31. Kc3 b6 32. Kc4 Bf5 33. Re3 Bc2 34. Bxg5
Kxg5 35. Rg3+ Kf5 36. Rxh7 Bxa4 37. Rh5+ Ke6 38. Re3+ Kf7 39. Rh7+ Kg6 40. Rc7
Bb5+ 41. Kc3 bxc5 42. dxc5 Kf5 43. g3 Kg6 44. Kb4 Rd4+ 45. Kc3 Rd8 46. Kb4 Rd4+ 1/2-1/2

[Event "GCT Rapid Paris 2017"]
[Site "Paris FRA"]
[Date "2017.06.21"]
[Round "3.5"]
[White "Grischuk, Alexander"]
[Black "So, Wesley"]
[Result "1/2-1/2"]
[WhiteTitle "GM"]
[BlackTitle "GM"]
[WhiteElo "2761"]
[BlackElo "2812"]
[WhiteFideId "4126025"]
[BlackFideId "5202213"]
[EventDate "2017.06.21"]

1. d4 Nf6 2. Bf4 d5 3. e3 e6 4. Nf3 c5 5. Be2 Nc6 6. O-O Bd6 7. dxc5 Bxf4 8.
exf4 Qa5 9. Nbd2 Qxc5 10. Nb3 Qb6 11. c3 O-O 12. Rb1 Bd7 13. Bd3 Rfd8 14. Qe2
Rac8 15. Rfe1 h6 16. Rbd1 a5 17. Nbd4 Nxd4 18. Nxd4 Re8 19. Rd2 Qc5 20. a3 Rb8
21. Rc2 b5 22. b4 Qb6 23. h3 Rec8 24. g4 Ne4 25. Bxe4 dxe4 26. Qxe4 Rc4 27. g5
hxg5 28. fxg5 e5 29. bxa5 Qc5 30. Qxe5 Re8 31. Qxe8+ Bxe8 32. Rxe8+ Kh7 33. Re4
Qxa3 34. g6+ Kxg6 35. Rg4+ Kh7 36. Nxb5 Qa1+ 37. Kg2 Rxg4+ 38. hxg4 Qd1 39. Nd4
Qxg4+ 40. Kf1 Qd1+ 41. Kg2 Qa1 42. f3 Qxa5 43. Re2 Qxc3 44. Nf5 Qd3 45. Ng3 f5
46. Ra2 Qd5 47. Re2 Kg6 48. Rf2 Kg5 49. Ne2 Kh4 50. Rf1 Qd2 51. Rf2 Qe3 52. Kf1
Kg5 53. Kg2 Kf6 54. Ng1 Qg5+ 55. Kf1 Qg3 56. Rg2 Qd6 57. Re2 g5 58. Kg2 Qd5 59.
Kf2 Kg6 60. Kg3 Qd4 61. Kg2 Kh5 62. Rf2 Kh4 63. Kf1 Qd1+ 64. Kg2 Qd5 65. Kf1 g4
66. Rh2+ Kg5 67. Rg2 Qd1+ 68. Kf2 Qd4+ 69. Kf1 Qe3 70. fxg4 fxg4 71. Ne2 Qe5 72.
Rg3 Qa1+ 73. Kf2 Qf6+ 74. Ke1 Kh4 75. Rc3 Qf5 76. Kd2 Kg5 77. Ke1 Qb1+ 78. Kf2
Qh1 79. Rg3 Kf5 80. Rc3 Qh2+ 81. Kf1 Ke4 82. Rg3 Qxg3 1/2-1/2

[Event "GCT Rapid Paris 2017"]
[Site "Paris FRA"]
[Date "2017.06.22"]
[Round "4.4"]
[White "Karjakin, Sergey"]
[Black "Caruana, Fabiano"]
[Result "1/2-1/2"]
[WhiteTitle "GM"]
[BlackTitle "GM"]
[WhiteElo "2781"]
[BlackElo "2808"]
[WhiteFideId "14109603"]
[BlackFideId "2020009"]
[EventDate "2017.06.21"]

1. e4 e6 2. d4 d5 3. Nd2 c5 4. exd5 Qxd5 5. Ngf3 cxd4 6. Bc4 Qd7 7. O-O Nf6 8.
Nb3 Nc6 9. Nbxd4 Nxd4 10. Nxd4 a6 11. Bg5 Qc7 12. Bd3 Bd6 13. h3 Be5 14. c3 h6
15. Bh4 Bd7 16. Re1 O-O-O 17. Qf3 Bxd4 18. cxd4 Bc6 19. Qe2 Rxd4 20. Bg3 Qa5 21.
Rac1 Qd5 22. Rxc6+ bxc6 23. Bxa6+ Kd7 24. Rc1 Ke7 25. Bb7 Ne4 26. Bxc6 Nxg3 27.
fxg3 Qxa2 28. Qe5 Rhd8 29. Kh2 Kf8 30. Bf3 Qxb2 31. Rc7 Qb8 32. Qc5+ Kg8 33. Qe7
Rf8 34. Bh5 Qd8 35. Bxf7+ Kh8 36. Qxd8 Rdxd8 37. Bxe6 Rf2 38. g4 g6 39. Rc5 Re2
40. Bf7 Kg7 41. Bd5 Rd7 42. Bf3 Rb2 43. Rc6 Rbd2 44. Kg3 R2d6 45. Rc8 g5 46. Ra8 1/2-1/2

[Event "GCT Rapid Paris 2017"]
[Site "Paris FRA"]
[Date "2017.06.22"]
[Round "4.5"]
[White "Topalov, Veselin"]
[Black "Grischuk, Alexander"]
[Result "0-1"]
[WhiteTitle "GM"]
[BlackTitle "GM"]
[WhiteElo "2749"]
[BlackElo "2761"]
[WhiteFideId "2900084"]
[BlackFideId "4126025"]
[EventDate "2017.06.21"]

1. e4 e6 2. d4 d5 3. Nc3 Nf6 4. e5 Nfd7 5. f4 c5 6. Nf3 Nc6 7. Be3 cxd4 8. Nxd4
Qb6 9. Qd2 Qxb2 10. Rb1 Qa3 11. Bb5 Nxd4 12. Bxd4 a6 13. Rb3 Qe7 14. Ba4 Qd8 15.
Bb6 Qh4+ 16. g3 Qg4 17. O-O Be7 18. f5 O-O 19. Rf4 Bg5 20. Rxg4 Bxd2 21. Bxd7
Bxd7 22. f6 g6 23. Nd1 Rfc8 24. c3 h5 25. Rd4 Bh6 26. Kf2 a5 27. Rb2 a4 28. Rd3
a3 29. Rb1 Ba4 30. Ne3 Rc6 31. Bd4 b5 32. h4 Rac8 33. Ke2 Kf8 34. Kf2 Ke8 35.
Ke2 Kd7 36. Kf2 Kc7 37. Kf3 Kb7 38. Kf2 Ka6 39. Kf3 R8c7 40. Kf2 Rb7 41. g4 hxg4
42. Kg3 Bf8 43. Kxg4 b4 44. cxb4 Rxb4 45. Rxb4 Bxb4 46. Kg5 Bf8 47. h5 gxh5 48.
Kxh5 Rc1 49. Rd2 Rh1+ 50. Kg4 Bb4 51. Rg2 Bb5 52. Rc2 Kb7 53. Bc5 Bxc5 54. Rxc5
Be2+ 55. Kg3 Ra1 56. Rc2 Bb5 57. Kf4 d4 58. Nc4 Bxc4 59. Rxc4 Rxa2 60. Rxd4 Ra1
61. Rd2 a2 62. Rf2 Kc6 63. Rc2+ Kd5 64. Rd2+ Kc4 65. Rf2 Kd3 66. Rf3+ Ke2 67.
Re3+ Kd2 68. Rf3 Re1 0-1

[Event "GCT Rapid Paris 2017"]
[Site "Paris FRA"]
[Date "2017.06.22"]
[Round "5.2"]
[White "Bacrot, Etienne"]
[Black "Karjakin, Sergey"]
[Result "0-1"]
[WhiteTitle "GM"]
[BlackTitle "GM"]
[WhiteElo "2708"]
[BlackElo "2781"]
[WhiteFideId "605506"]
[BlackFideId "14109603"]
[EventDate "2017.06.21"]

1. e4 c5 2. Nf3 d6 3. Bb5+ Nd7 4. O-O Nf6 5. Re1 a6 6. Bf1 b6 7. d4 cxd4 8. Qxd4
Bb7 9. Nc3 e6 10. Bg5 Be7 11. Rad1 Qc7 12. a4 Rc8 13. h3 O-O 14. Qe3 h6 15. Bh4
Rfd8 16. Bg3 Ne5 17. Nd2 Nfd7 18. Kh1 Nc5 19. f4 Nc6 20. Nf3 Nb4 21. Qf2 Bf6 22.
f5 Bxc3 23. bxc3 Na2 24. fxe6 Nxc3 25. Bxd6 Nxd1 26. Rxd1 Rxd6 0-1

[Event "GCT Rapid Paris 2017"]
[Site "Paris FRA"]
[Date "2017.06.22"]
[Round "6.2"]
[White "Karjakin, Sergey"]
[Black "Grischuk, Alexander"]
[Result "0-1"]
[WhiteTitle "GM"]
[BlackTitle "GM"]
[WhiteElo "2781"]
[BlackElo "2761"]
[WhiteFideId "14109603"]
[BlackFideId "4126025"]
[EventDate "2017.06.21"]

1. e4 e6 2. d4 d5 3. Nd2 c5 4. exd5 Qxd5 5. Ngf3 cxd4 6. Bc4 Qd6 7. O-O Nf6 8.
Nb3 Nc6 9. Nbxd4 Nxd4 10. Nxd4 a6 11. Re1 Qc7 12. Bf1 Be7 13. Qf3 O-O 14. Bf4
Bd6 15. Bxd6 Qxd6 16. Rad1 Qb6 17. Qb3 Qc7 18. c4 Bd7 19. Nf3 Rfd8 20. Ne5 Be8
21. Qe3 a5 22. b3 b6 23. g3 Rac8 24. Bg2 h6 25. Bf3 Rxd1 26. Rxd1 Qc5 27. Rd4 a4
28. Kg2 axb3 29. axb3 b5 30. h4 bxc4 31. bxc4 h5 32. Qf4 Qa5 33. Nd3 Qc7 34. Ne5
Qa5 35. Qe3 Qc5 36. Kg1 Rb8 37. Qf4 Rc8 38. Rd2 Qa5 39. Qd4 Rc5 40. Re2 Qc7 41.
Kh2 Kh8 42. Qf4 Kg8 43. Qd4 Kh8 44. Qe3 Kg8 45. Re1 Ra5 46. Kg2 Rc5 47. Qd4 Kh8
48. Qa1 Kg8 49. Re3 Ra5 50. Qe1 Rc5 51. Kh2 Kh8 52. Qe2 Kg8 53. Bxh5 Nd7 54.
Nxd7 Bxd7 55. Rc3 Bb5 56. Ra3 Rxc4 57. Ra8+ Kh7 58. Bf3 Rxh4+ 0-1

[Event "GCT Rapid Paris 2017"]
[Site "Paris FRA"]
[Date "2017.06.22"]
[Round "6.4"]
[White "Caruana, Fabiano"]
[Black "Bacrot, Etienne"]
[Result "0-1"]
[WhiteTitle "GM"]
[BlackTitle "GM"]
[WhiteElo "2808"]
[BlackElo "2708"]
[WhiteFideId "2020009"]
[BlackFideId "605506"]
[EventDate "2017.06.21"]

1. c4 e5 2. Nc3 Bb4 3. Nd5 Bc5 4. e3 Nf6 5. b4 Be7 6. Nxe7 Qxe7 7. Bb2 O-O 8.
Nf3 d6 9. d3 b6 10. Be2 Bb7 11. O-O Nbd7 12. Nd2 h6 13. d4 Nh7 14. d5 f5 15. a4
c6 16. dxc6 Bxc6 17. a5 Ndf6 18. b5 Bb7 19. a6 Bc8 20. f4 Re8 21. fxe5 dxe5 22.
Qb3 Ng5 23. Nf3 Nf7 24. Nh4 Ne4 25. Nxf5 Qg5 26. Ng3 Nd2 27. Qc3 Nxf1 28. Rxf1
Bg4 29. Ne4 Qh4 30. Bd3 Be6 31. c5 bxc5 32. Qxc5 Rec8 33. Qb4 Rc4 34. Qb3 Rac8
35. Bxc4 Bxc4 36. Qc2 Be6 37. Qb1 Rb8 38. Nc3 Bc4 39. Rf2 Ng5 40. Qf5 Rd8 41.
Qxe5 Qg4 42. h4 Nh3+ 43. Kh2 Nxf2 44. Qe7 Rf8 45. b6 Bf1 0-1

[Event "GCT Rapid Paris 2017"]
[Site "Paris FRA"]
[Date "2017.06.23"]
[Round "7.2"]
[White "Grischuk, Alexander"]
[Black "Caruana, Fabiano"]
[Result "1-0"]
[WhiteTitle "GM"]
[BlackTitle "GM"]
[WhiteElo "2761"]
[BlackElo "2808"]
[WhiteFideId "4126025"]
[BlackFideId "2020009"]
[EventDate "2017.06.21"]

1. e4 e6 2. d4 d5 3. Nc3 Nf6 4. e5 Nfd7 5. f4 c5 6. Nf3 Nc6 7. Be3 Be7 8. Qd2 a6
9. Be2 b5 10. O-O O-O 11. a3 Bb7 12. Nd1 f6 13. c3 Rc8 14. Bd3 Na5 15. Qe2 fxe5
16. fxe5 cxd4 17. cxd4 Nb6 18. Nf2 Nbc4 19. Nh3 Nxe3 20. Qxe3 Nc4 21. Qe2 g6 22.
Rf2 Qb6 23. Raf1 b4 24. axb4 Qxb4 25. Nhg5 Qb6 26. Kh1 h6 27. Bxg6 Kg7 28. Bb1
hxg5 29. Qd3 Rf5 30. g4 Rcf8 31. gxf5 exf5 32. Nxg5 Nxe5 33. Qg3 Ng4 34. Rxf5
Rxf5 35. Bxf5 Bxg5 36. Qxg4 Qh6 37. Bd3 Kh8 38. Rf7 1-0

[Event "GCT Rapid Paris 2017"]
[Site "Paris FRA"]
[Date "2017.06.23"]
[Round "9.4"]
[White "So, Wesley"]
[Black "Karjakin, Sergey"]
[Result "0-1"]
[WhiteTitle "GM"]
[BlackTitle "GM"]
[WhiteElo "2812"]
[BlackElo "2781"]
[WhiteFideId "5202213"]
[BlackFideId "14109603"]
[EventDate "2017.06.21"]

1. c4 e5 2. Nc3 Nf6 3. Nf3 Nc6 4. g3 d5 5. cxd5 Nxd5 6. Bg2 Nb6 7. O-O Be7 8.
Rb1 a5 9. d3 O-O 10. Be3 Be6 11. Bxb6 cxb6 12. a3 f5 13. e3 Bf6 14. Rc1 Kh8 15.
Re1 Bf7 16. Nb5 Bh5 17. Qc2 Qd7 18. Nd2 Rad8 19. Nc4 Qxd3 20. Qxd3 Rxd3 21. Ncd6
Rb3 22. Nc7 Ne7 23. Ne6 Rb8 24. Rc7 Rxb2 25. Rec1 h6 26. h3 Rd2 27. Nxf5 Nxf5
28. Rc8+ Rxc8 29. Rxc8+ Kh7 30. Be4 g6 31. g4 Nd6 32. Rc7+ Kg8 33. gxh5 Nxe4 34.
hxg6 Nd6 35. Rd7 b5 36. Kf1 b4 37. axb4 axb4 38. Ke1 Rd5 39. e4 b3 0-1